00446nam a2200157Ia 4500008004100000020001500041041001200056082001600068100001700084245010500101250000900206260003400215300000800249650001600257700001500273221030s9999 xx 000 0 und d a817515490X aEnglish a105.23bJaf aE. D. Jaffee 0aBarron`s How to Prepare for the GMAT Graduate Management Admission Testcby E. D. Jaffee, S. Hilbert a13th bGalgotia PubaNew Delhic2005 a579 aBE Computer aS. Hilbert